Predikcia spotreby elektrickej energie pomocou učenia súborom metód

Gespeichert in:
Bibliographische Detailangaben
1. Verfasser: Matula, Marek (Verfasst von)
Weitere Verfasser: Lóderer, Marek (Betreuung Doktorarbeit)
Format: Manuskript Buch
Sprache:Slowakisch
Veröffentlicht: 2018
Schlagworte:
Online-Zugang:http://is.stuba.sk/zp/portal_zp.pl?podrobnosti=139209
Tags: Tag hinzufügen
Keine Tags, Fügen Sie das erste Tag hinzu!

MARC

LEADER 00000ntm a22000003a 4500
001 stuzp70420
003 SK-STU
005 20190327162515.2
007 ta
008 150427s2015----xo-----f-mn---000-0-slo-d
040 |a STU  |b slo 
041 0 |a slo 
044 |a xo 
100 1 |a Matula, Marek  |u 070200  |k Z4  |4 aut  |U FIIT Fakulta informatiky a informačných technológií  |T FIIT Ústav informatiky, informačných systémov a softvérového inžinierstva  |X 72233  |U I200  |Y 179  |7 72233 
242 0 1 |a Prediction of electricity consumption by ensemble learning  |y eng 
245 1 0 |a Predikcia spotreby elektrickej energie pomocou učenia súborom metód 
260 |c 2018 
300 |a 45 s., príl.,  |e CD-rom 
650 4 |a časové rady  |2 slo 
650 4 |a strojové učenie  |2 slo 
650 4 |a predikcia  |2 slo 
650 4 |a time series  |2 eng 
650 4 |a machine learning  |2 eng 
650 4 |a prediction  |2 eng 
700 1 |a Lóderer, Marek  |u 070200  |k Z3  |4 ths  |U FIIT Fakulta informatiky a informačných technológií  |T FIIT Ústav informatiky, informačných systémov a softvérového inžinierstva  |X 64391  |U I200  |Y 179  |7 64391 
856 4 |u http://is.stuba.sk/zp/portal_zp.pl?podrobnosti=139209 
996 |b IZP20180190  |c I*DP35/18  |l II680  |s P  |a 0  |w stuzp70420_0001